000
00208nam a22000977a 4500
999
_c
262385
_d
262384
020
_a
0698200918
100
_a
Wanda Gag
245
_a
Millions Of Cats
260
_a
New York
_b
Coward McCann
_c
1928
942
_c
BK